Dívčí válka

Hlavní autor: Burian, Jan, 1952-
Jazyk: Čeština
Vydáno: Brno : Indies, p2006
Témata:
Fyzický popis: 2 zvukové desky (61:16, 56:34) : digital ; 12 cm + 1 brožura
Zvukové nahrávky
Uloženo v:
LEADER 01737njm a2200361 a 4500
001 000829363
003 CZ BrMZK
005 20061121113415.0
007 sd fsngnnmmned
008 061019s2006 xr pp g d cze d
028 0 0 |a MAM 293-2  |b Indies 
040 |a BOA001  |b cze 
048 |a od  |b vu 
072 7 |a 784  |x Vokální hudba  |2 Konspekt  |9 9 
080 |a 784.4  |2 MRF 
080 |a (086.76)  |2 MRF 
100 1 |a Burian, Jan,  |d 1952-  |7 jk01020364  |4 cmp  |4 lyr  |4 arr  |4 itr  |4 sng 
245 1 0 |a Dívčí válka  |h [zvukový záznam] /  |c hudba a texty Jan Burian 
260 |a Brno :  |b Indies,  |c p2006 
300 |a 2 zvukové desky (61:16, 56:34) :  |b digital ;  |c 12 cm +  |e 1 brožura 
306 |a 010116  |a 005634 
500 |a Kompaktní desky 
500 |a Texty písní v brožuře 
500 |a CD 1 obsahuje verzi I, CD 2 verzi II 
505 0 0 |t O změně --  |t Mezi polévkou a hlavním jídlem --  |t Bohyně kuchyně --  |t Dva milenci --  |t S počtářem --  |t Kráska a zvířata --  |t Kde jsi zrcadlo? --  |t O dovolené --  |t Markéta --  |t Intelektuválka --  |t Bezejmenná --  |t Není tak bohatá --  |t Normální holka --  |t Apokalypsa --  |t Uprostřed noci --  |t Banální příběh --  |t Anna a její věšáci --  |t V černobílém vesmíru --  |t Potřetí? 
511 1 |a Verze I je v podání různých interpretů, verzi II zpívá a hraje Jan Burian 
518 |a Verze I natočena v době od září 2005 do února 2006 ve studiu Jamor v Praze 6, verze II v únoru 2006 tamtéž 
650 0 7 |a populární písně  |7 ph124354  |y 2001-2010  |2 czenas 
655 7 |a kompaktní desky  |7 fd201991  |2 czenas 
910 |a BOA001  |b CD-0013.437 
990 |a AV 
991 |b 200611 
996 6 |b 261H014827  |c CD-0013.437  |l MZK  |r Sklad / do 24 hodin  |n 0  |w 000829363  |u 000010  |a 1  |e BOA001  |j MZK50  |s P